LEADER 01050nam0-22003131i-450- 001 990001838240403321 005 20080709085810.0 035 $a000183824 035 $aFED01000183824 035 $a(Aleph)000183824FED01 035 $a000183824 100 $a20030910f19301940km-y0itay50------ba 101 0 $aita 102 $aIT 105 $ay-------001yy 200 1 $aCondotta tra la derivazione dal fiume Tacina e il serbatoio dell'Ampollino e opere di scarico in questo$eesperienze di modello$fGuido Nebbia 210 $aNapoli$c[s.n.$d193.] 215 $a30 p.$cill.$d32 cm 300 $aEstr. da: Atti della Fondazione Politecnica per il Mezzogiorno d'Italia, 2. 610 0 $aIngegneria idraulica 676 $a627 700 1$aNebbia,$bGuido$01042 801 0$aIT$bUNINA$gRICA$2UNIMARC 901 $aBK 912 $a990001838240403321 952 $a60 MISC. A 56/1$fFAGBC 959 $aFAGBC 996 $aCondotta tra la derivazione dal fiume Tacina e il serbatoio dell'Ampollino e opere di scarico in questo$9414450 997 $aUNINA LEADER 01152nam2-2200385---450 001 990005675830203316 005 20190403125004.0 035 $a000567583 035 $aUSA01000567583 035 $a(ALEPH)000567583USA01 035 $a000567583 100 $a20050915d1985----|||y0itaa50------ba 101 $ager 102 $ade 105 $a0 00||| 200 1 $a<<1. Band: >> Aristoteles. 2. Teil, Ontologie, Noologie, Theologie$fHermann Schmitz 210 $aBonn$cBouvier$d1985 215 $aXIX, 606 p.$d24 cm. 461 0$1001000567579$12001$a<> Ideenlehre des Aristoteles$v1.2 606 $aAristotele. Metafisica$2F 620 $dBONN 676 $a185 700 1$aSCHMITZ,$bHermann$0360510 801 0$aIT$bSA$c20111219 912 $a990005675830203316 950 0$aDipar.to di Filosofia - Salerno$dDFCC 185 SCH$e3001 FIL 951 $aCC 185 SCH$b3001 FIL 951 $aCC 185 SCH$b3346 FIL 959 $aBK 969 $aFIL 979 $c20121027$lUSA01$h1526 979 $c20121027$lUSA01$h1615 996 $aAristoteles. 2. Teil, Ontologie, Noologie, Theologie$91084416 997 $aUNISA NUM $aSA0015181